[Event "Turniej Blitza na II Lidze Juniorów 2018"]
[Site "Szczyrk, Poland"]
[Date "2018.07.26"]
[Round "3.26"]
[White "Bar, Klaudia"]
[Black "Ziemniak, Piotr"]
[Result "0-1"]
[TimeControl "3'+2\""]
[WhiteElo "1337"]
[BlackElo "1737"]

1. d4 {[%clk 00:03:02]} {[%emt 00:00:02]} Nf6 {[%clk 00:03:02]} {[%emt
00:00:02]} 2. Bf4 {[%clk 00:03:03]} {[%emt 00:00:01]} d6 {[%clk 00:03:03]}
{[%emt 00:00:01]} 3. e3 {[%clk 00:03:04]} g6 {[%clk 00:03:03]} {[%emt
00:00:02]} 4. Nf3 {[%clk 00:03:06]} Bg7 {[%clk 00:03:04]} {[%emt 00:00:01]} 5.
Nbd2 {[%clk 00:03:05]} {[%emt 00:00:03]} Nbd7 {[%clk 00:03:04]} {[%emt
00:00:01]} 6. c3 {[%clk 00:03:06]} b6 {[%clk 00:03:02]} {[%emt 00:00:04]} 7.
Bd3 {[%clk 00:03:08]} Bb7 {[%clk 00:03:03]} {[%emt 00:00:01]} 8. O-O {[%clk
00:03:09]} {[%emt 00:00:02]} O-O {[%clk 00:03:03]} {[%emt 00:00:01]} 9. e4
{[%clk 00:03:05]} {[%emt 00:00:07]} Nh5 {[%clk 00:02:54]} {[%emt 00:00:10]} 10.
Be3 {[%clk 00:03:02]} {[%emt 00:00:04]} c5 {[%clk 00:02:54]} {[%emt 00:00:02]}
11. d5 {[%clk 00:02:58]} {[%emt 00:00:06]} Qc7 {[%clk 00:02:47]} {[%emt
00:00:09]} 12. c4 Bxb2 {[%clk 00:02:37]} {[%emt 00:00:12]} 13. Rb1 {[%clk
00:03:01]} Bg7 {[%clk 00:02:37]} {[%emt 00:00:02]} 14. Qb3 {[%clk 00:02:58]}
{[%emt 00:00:05]} e6 {[%clk 00:02:28]} {[%emt 00:00:11]} 15. a4 {[%clk
00:02:58]} {[%emt 00:00:02]} exd5 {[%clk 00:02:27]} {[%emt 00:00:04]} 16. exd5
{[%clk 00:02:53]} {[%emt 00:00:06]} Rfe8 {[%clk 00:02:21]} {[%emt 00:00:09]} 17.
a5 {[%clk 00:02:54]} {[%emt 00:00:01]} Ne5 {[%clk 00:02:13]} {[%emt 00:00:10]}
18. Nxe5 {[%clk 00:02:47]} {[%emt 00:00:09]} Bxe5 {[%clk 00:02:13]} 19. axb6
{[%clk 00:02:48]} {[%emt 00:00:02]} axb6 {[%clk 00:01:58]} {[%emt 00:00:17]} 20.
Qxb6 {[%clk 00:02:49]} {[%emt 00:00:01]} Qxb6 {[%clk 00:01:55]} {[%emt
00:00:05]} 21. Rxb6 {[%clk 00:02:50]} {[%emt 00:00:01]} Bc8 {[%clk 00:01:56]}
22. h3 {[%clk 00:02:29]} {[%emt 00:00:23]} Nf4 {[%clk 00:01:56]} {[%emt
00:00:02]} 23. Bxf4 {[%clk 00:02:26]} {[%emt 00:00:05]} Bxf4 {[%clk 00:01:57]}
24. Nf3 {[%clk 00:02:24]} {[%emt 00:00:04]} Ra3 {[%clk 00:01:57]} {[%emt
00:00:01]} 25. Rd1 {[%clk 00:02:07]} {[%emt 00:00:20]} Bd7 {[%clk 00:01:48]}
{[%emt 00:00:10]} 26. g3 {[%clk 00:01:59]} {[%emt 00:00:11]} Bh6 {[%clk
00:01:46]} {[%emt 00:00:04]} 27. Rxd6 {[%clk 00:01:59]} {[%emt 00:00:01]} Ba4
{[%clk 00:01:46]} {[%emt 00:00:02]} 28. Re1 {[%clk 00:01:37]} {[%emt 00:00:24]}
Rxe1+ {[%clk 00:01:42]} {[%emt 00:00:07]} 29. Nxe1 {[%clk 00:01:38]} Ra1 {[%clk
00:01:43]} 30. Kf1 {[%clk 00:01:08]} {[%emt 00:00:32]} Bd2 {[%clk 00:01:44]}
{[%emt 00:00:02]} 31. Kg2 {[%clk 00:01:09]} {[%emt 00:00:01]} Bxe1 {[%clk
00:01:43]} {[%emt 00:00:02]} 32. Rd8+ {[%clk 00:01:07]} {[%emt 00:00:05]} Kg7
{[%clk 00:01:44]} {[%emt 00:00:01]} 33. d6 {[%clk 00:01:06]} {[%emt 00:00:03]}
Rd1 {[%clk 00:01:43]} {[%emt 00:00:02]} 34. Be4 {[%clk 00:01:06]} {[%emt
00:00:03]} Rd2 {[%clk 00:01:36]} {[%emt 00:00:09]} 35. Bd5 {[%clk 00:00:47]}
{[%emt 00:00:21]} Bxf2 {[%clk 00:01:36]} {[%emt 00:00:02]} 36. Kf1 {[%clk
00:00:46]} {[%emt 00:00:03]} Bxg3 {[%clk 00:01:36]} {[%emt 00:00:02]} 37. Ra8
{[%clk 00:00:36]} {[%emt 00:00:10]} Bd7 {[%clk 00:01:34]} {[%emt 00:00:05]} 38.
Ra7 {[%clk 00:00:35]} {[%emt 00:00:04]} Bxh3+ {[%clk 00:01:34]} {[%emt
00:00:02]} 39. Bg2 {[%clk 00:00:17]} {[%emt 00:00:20]} Bxg2+ {[%clk 00:01:34]}
{[%emt 00:00:01]} 40. Kg1 {[%clk 00:00:18]} Bf3 {[%clk 00:01:34]} {[%emt
00:00:02]} 41. Ra1 {[%clk 00:00:16]} {[%emt 00:00:04]} Rxd6 {[%clk 00:01:35]}
{[%emt 00:00:01]} 42. Rf1 {[%clk 00:00:16]} {[%emt 00:00:03]} Rd3 {[%clk
00:01:29]} {[%emt 00:00:08]} 43. Ra1 {[%clk 00:00:13]} {[%emt 00:00:04]} h5
{[%clk 00:01:29]} {[%emt 00:00:03]} 44. Rf1 {[%clk 00:00:12]} {[%emt 00:00:02]}
h4 {[%clk 00:01:30]} {[%emt 00:00:02]} 45. Ra1 {[%clk 00:00:10]} {[%emt
00:00:03]} h3 {[%clk 00:01:31]} {[%emt 00:00:01]} 46. Rc1 {[%clk 00:00:10]}
{[%emt 00:00:02]} h2+ {[%clk 00:01:32]} {[%emt 00:00:02]} 47. Kf1 {[%clk
00:00:10]} {[%emt 00:00:02]} h1=Q# {[%clk 00:01:30]} {[%emt 00:00:03]} 48. Ra1
{[%emt 00:00:09]} 0-1

[Event "Turniej Blitza na II Lidze Juniorów 2018"]
[Site "Szczyrk, Poland"]
[Date "2018.07.26"]
[Round "3.63"]
[White "Kucza, Kamil"]
[Black "Franek, Krzysztof"]
[Result "1-0"]
[TimeControl "3'+2\""]
[WhiteElo "1208"]
[BlackElo "1142"]

1. e4 {[%clk 00:03:02]} {[%emt 00:00:02]} b6 {[%clk 00:03:04]} {[%emt
00:00:01]} 2. d4 {[%clk 00:03:01]} {[%emt 00:00:03]} Bb7 {[%clk 00:03:05]} 3.
d5 {[%clk 00:03:02]} {[%emt 00:00:02]} Nf6 {[%clk 00:02:53]} {[%emt 00:00:14]}
4. Nc3 {[%clk 00:03:01]} {[%emt 00:00:03]} e5 {[%clk 00:02:48]} {[%emt
00:00:07]} 5. Nf3 {[%clk 00:02:54]} {[%emt 00:00:09]} d6 {[%clk 00:02:44]}
{[%emt 00:00:06]} 6. Bb5+ {[%clk 00:02:51]} {[%emt 00:00:04]} Nbd7 {[%clk
00:02:44]} {[%emt 00:00:02]} 7. O-O {[%clk 00:02:51]} {[%emt 00:00:02]} Be7
{[%clk 00:02:46]} 8. h3 {[%clk 00:02:51]} {[%emt 00:00:03]} a6 {[%clk
00:02:46]} {[%emt 00:00:01]} 9. Bc4 {[%clk 00:02:44]} {[%emt 00:00:08]} O-O
{[%clk 00:02:41]} {[%emt 00:00:08]} 10. Bg5 {[%clk 00:02:42]} {[%emt 00:00:04]}
Nc5 {[%clk 00:02:29]} {[%emt 00:00:14]} 11. Re1 {[%clk 00:02:40]} {[%emt
00:00:04]} b5 {[%clk 00:02:07]} {[%emt 00:00:24]} 12. Bb3 {[%clk 00:02:34]}
{[%emt 00:00:06]} b4 {[%clk 00:02:06]} {[%emt 00:00:05]} 13. Bxf6 {[%clk
00:02:07]} {[%emt 00:00:28]} Bxf6 {[%clk 00:02:08]} 14. Na4 {[%clk 00:01:57]}
{[%emt 00:00:12]} Nxb3 {[%clk 00:02:08]} {[%emt 00:00:02]} 15. axb3 {[%clk
00:01:58]} {[%emt 00:00:01]} a5 {[%clk 00:02:10]} 16. c3 {[%clk 00:01:54]}
{[%emt 00:00:05]} c6 {[%clk 00:01:15]} {[%emt 00:00:57]} 17. c4 {[%clk
00:01:33]} {[%emt 00:00:23]} cxd5 {[%clk 00:01:06]} {[%emt 00:00:12]} 18. cxd5
{[%clk 00:01:19]} {[%emt 00:00:15]} Ba6 {[%clk 00:01:01]} {[%emt 00:00:07]} 19.
Qd2 {[%clk 00:01:13]} {[%emt 00:00:06]} Bb5 {[%clk 00:00:56]} {[%emt 00:00:10]}
20. Rac1 {[%clk 00:01:00]} {[%emt 00:00:13]} Qd7 {[%clk 00:00:57]} {[%emt
00:00:02]} 21. Nb6 {[%clk 00:00:58]} {[%emt 00:00:04]} Qb7 {[%clk 00:00:33]}
{[%emt 00:00:27]} 22. Nxa8 {[%clk 00:00:57]} {[%emt 00:00:03]} Rxa8 {[%clk
00:00:33]} {[%emt 00:00:01]} 23. Kh2 {[%clk 00:00:53]} {[%emt 00:00:06]} h6
{[%clk 00:00:33]} {[%emt 00:00:02]} 24. Rc2 {[%clk 00:00:51]} {[%emt 00:00:04]}
Qa6 {[%clk 00:00:29]} {[%emt 00:00:06]} 25. Rec1 {[%clk 00:00:49]} {[%emt
00:00:03]} Kh7 {[%clk 00:00:11]} {[%emt 00:00:21]} 26. Rc6 {[%clk 00:00:46]}
{[%emt 00:00:05]} Bxc6 {[%clk 00:00:04]} {[%emt 00:00:10]} 27. Rxc6 {[%clk
00:00:46]} Qb7 {[%clk 00:00:06]} {[%emt 00:00:01]} 28. Rxd6 {[%clk 00:00:44]}
{[%emt 00:00:04]} Be7 {[%clk 00:00:07]} {[%emt 00:00:01]} 29. Rc6 {[%clk
00:00:44]} {[%emt 00:00:01]} Qd7 {[%clk 00:00:08]} 30. Nxe5 {[%clk 00:00:41]}
{[%emt 00:00:06]} Qe8 {[%clk 00:00:06]} {[%emt 00:00:04]} 31. Nf3 {[%clk
00:00:39]} {[%emt 00:00:04]} g5 {[%clk 00:00:07]} {[%emt 00:00:01]} 32. e5
{[%clk 00:00:37]} {[%emt 00:00:04]} Bd8 {[%clk 00:00:08]} {[%emt 00:00:01]} 33.
Rc1 {[%clk 00:00:28]} {[%emt 00:00:11]} Ra7 {[%clk 00:00:05]} {[%emt 00:00:04]}
34. d6 {[%clk 00:00:25]} {[%emt 00:00:05]} Qd7 {[%clk 00:00:05]} 35. Qd3+
{[%clk 00:00:23]} {[%emt 00:00:04]} Kg7 {[%clk 00:00:05]} {[%emt 00:00:02]} 36.
g3 {[%clk 00:00:21]} {[%emt 00:00:05]} Qe6 {[%clk 00:00:04]} {[%emt 00:00:03]}
37. Qd4 {[%clk 00:00:18]} {[%emt 00:00:05]} Rd7 {[%clk 00:00:05]} {[%emt
00:00:02]} 38. Rc4 {[%clk 00:00:15]} {[%emt 00:00:04]} Kg6 {[%clk 00:00:04]}
{[%emt 00:00:03]} 39. h4 {[%clk 00:00:14]} {[%emt 00:00:02]} g4 {[%clk
00:00:06]} {[%emt 00:00:02]} 40. Nd2 {[%clk 00:00:14]} {[%emt 00:00:01]} h5
{[%clk 00:00:07]} 41. Qe4+ {[%clk 00:00:14]} {[%emt 00:00:03]} Kg7 {[%clk
00:00:08]} 42. f3 {[%clk 00:00:13]} {[%emt 00:00:03]} Qh6 {[%clk 00:00:07]}
{[%emt 00:00:03]} 43. fxg4 {[%clk 00:00:13]} {[%emt 00:00:02]} Qxd2+ {[%clk
00:00:07]} {[%emt 00:00:03]} 44. Qg2 {[%clk 00:00:13]} {[%emt 00:00:01]} Qxg2+
{[%emt 00:00:01]} 45. Kxg2 {[%clk 00:00:14]} {[%emt 00:00:01]} hxg4 {[%clk
00:00:10]} 46. Rxg4+ {[%clk 00:00:14]} {[%emt 00:00:02]} Kh7 {[%clk 00:00:11]}
47. Rf4 {[%clk 00:00:15]} Kg7 {[%clk 00:00:12]} 48. g4 {[%clk 00:00:16]} {[%emt
00:00:01]} Bb6 {[%clk 00:00:13]} {[%emt 00:00:01]} 49. Kg3 {[%clk 00:00:16]}
Rd8 {[%clk 00:00:14]} {[%emt 00:00:01]} 50. g5 {[%clk 00:00:17]} Rc8 {[%clk
00:00:16]} 51. Kg4 {[%clk 00:00:18]} {[%emt 00:00:01]} Rc2 {[%clk 00:00:17]}
{[%emt 00:00:01]} 52. h5 {[%clk 00:00:16]} {[%emt 00:00:04]} Rg2+ {[%clk
00:00:18]} {[%emt 00:00:02]} 53. Kf5 {[%clk 00:00:16]} {[%emt 00:00:01]} Rxb2
{[%clk 00:00:19]} {[%emt 00:00:02]} 54. h6+ {[%clk 00:00:14]} {[%emt 00:00:03]}
Kg8 {[%clk 00:00:19]} {[%emt 00:00:02]} 55. Kf6 {[%clk 00:00:15]} {[%emt
00:00:01]} Bd8+ {[%clk 00:00:20]} {[%emt 00:00:02]} 56. Kf5 {[%clk 00:00:14]}
{[%emt 00:00:03]} Rxb3 {[%clk 00:00:20]} {[%emt 00:00:02]} 57. e6 {[%clk
00:00:14]} {[%emt 00:00:01]} fxe6+ {[%clk 00:00:21]} {[%emt 00:00:02]} 58. Kxe6
{[%clk 00:00:15]} Re3+ {[%clk 00:00:22]} 59. Kd7 {[%clk 00:00:16]} Bb6 {[%clk
00:00:23]} {[%emt 00:00:01]} 60. g6 {[%clk 00:00:15]} {[%emt 00:00:02]} b3
{[%clk 00:00:11]} {[%emt 00:00:14]} 61. h7+ {[%clk 00:00:16]} {[%emt 00:00:02]}
Kg7 {[%clk 00:00:11]} {[%emt 00:00:01]} 62. Rf7 {[%clk 00:00:16]} {[%emt
00:00:02]} Kxg6 {[%clk 00:00:12]} {[%emt 00:00:02]} 63. h8=Q {[%clk 00:00:15]}
{[%emt 00:00:03]} 1-0

[Event "Turniej Blitza na II Lidze Juniorów 2018"]
[Site "Szczyrk, Poland"]
[Date "2018.07.26"]
[Round "3.14"]
[White "Trembowiecka-Wysota, Aleksandra"]
[Black "Marczak, Szymon"]
[Result "0-1"]
[TimeControl "3'+2\""]
[WhiteElo "1571"]
[BlackElo "1855"]

1. e4 {[%clk 00:03:02]} {[%emt 00:03:08]} b6 {[%clk 00:03:02]} {[%emt
00:00:08]} 2. d4 {[%clk 00:03:03]} {[%emt 00:00:01]} Bb7 {[%clk 00:03:03]} 3.
Nc3 {[%clk 00:03:05]} e6 {[%clk 00:03:04]} {[%emt 00:00:02]} 4. Nf3 {[%clk
00:03:05]} Bb4 {[%clk 00:03:06]} 5. Bd3 {[%clk 00:03:06]} {[%emt 00:00:03]} Nf6
{[%clk 00:03:05]} {[%emt 00:00:02]} 6. Bg5 {[%clk 00:03:06]} {[%emt 00:00:02]}
h6 {[%clk 00:03:01]} {[%emt 00:00:06]} 7. Bxf6 {[%clk 00:03:07]} Qxf6 {[%clk
00:03:01]} {[%emt 00:00:02]} 8. O-O {[%clk 00:03:08]} O-O {[%clk 00:03:00]}
{[%emt 00:00:04]} 9. a3 {[%clk 00:03:08]} {[%emt 00:00:02]} Bxc3 {[%clk
00:02:59]} {[%emt 00:00:02]} 10. bxc3 {[%clk 00:03:09]} d5 {[%clk 00:02:57]}
{[%emt 00:00:04]} 11. e5 {[%clk 00:03:10]} {[%emt 00:00:02]} Qe7 {[%clk
00:02:58]} 12. c4 {[%clk 00:03:02]} {[%emt 00:00:10]} c5 {[%clk 00:02:53]}
{[%emt 00:00:06]} 13. c3 {[%clk 00:02:59]} {[%emt 00:00:06]} Rd8 {[%clk
00:02:52]} {[%emt 00:00:04]} 14. cxd5 {[%clk 00:02:52]} {[%emt 00:00:09]} Bxd5
{[%clk 00:02:49]} {[%emt 00:00:04]} 15. Bc2 {[%clk 00:02:13]} {[%emt 00:00:41]}
Nc6 {[%clk 00:02:34]} {[%emt 00:00:17]} 16. Qd3 {[%clk 00:02:11]} {[%emt
00:00:04]} g6 {[%clk 00:02:30]} {[%emt 00:00:06]} 17. dxc5 {[%clk 00:01:50]}
{[%emt 00:00:23]} Qxc5 {[%clk 00:02:14]} {[%emt 00:00:18]} 18. Nd4 {[%clk
00:01:41]} {[%emt 00:00:11]} Bc4 {[%clk 00:02:09]} {[%emt 00:00:06]} 19. Qh3
{[%clk 00:01:36]} {[%emt 00:00:08]} Nxd4 {[%clk 00:01:48]} {[%emt 00:00:23]} 20.
cxd4 {[%clk 00:01:37]} {[%emt 00:00:01]} Rxd4 {[%clk 00:01:29]} {[%emt
00:00:21]} 21. Rfe1 {[%clk 00:01:08]} {[%emt 00:00:31]} Qf8 {[%clk 00:01:18]}
{[%emt 00:00:13]} 22. Re4 {[%clk 00:00:51]} {[%emt 00:00:19]} Rad8 {[%clk
00:01:09]} {[%emt 00:00:10]} 23. Rae1 {[%clk 00:00:39]} {[%emt 00:00:15]} Rxe4
{[%clk 00:01:07]} {[%emt 00:00:04]} 24. Bxe4 {[%clk 00:00:37]} {[%emt
00:00:04]} Kh7 {[%clk 00:00:56]} {[%emt 00:00:13]} 25. Qf3 {[%clk 00:00:34]}
{[%emt 00:00:05]} Qe7 {[%clk 00:00:49]} {[%emt 00:00:09]} 26. Qc3 {[%clk
00:00:27]} {[%emt 00:00:09]} Bd5 {[%clk 00:00:46]} {[%emt 00:00:05]} 27. Bb1
{[%clk 00:00:28]} {[%emt 00:00:01]} Qg5 {[%clk 00:00:44]} {[%emt 00:00:03]} 28.
f3 {[%clk 00:00:13]} {[%emt 00:00:18]} Rd7 {[%clk 00:00:35]} {[%emt 00:00:11]}
29. Kh1 {[%clk 00:00:12]} {[%emt 00:00:03]} Qe7 {[%clk 00:00:29]} {[%emt
00:00:07]} 30. h3 {[%clk 00:00:11]} {[%emt 00:00:04]} Rc7 {[%clk 00:00:30]} 31.
Qe3 {[%clk 00:00:10]} {[%emt 00:00:03]} Qc5 {[%clk 00:00:26]} {[%emt 00:00:05]}
32. Qf4 {[%clk 00:00:10]} {[%emt 00:00:03]} Qxa3 {[%clk 00:00:23]} {[%emt
00:00:05]} 33. h4 {[%clk 00:00:07]} {[%emt 00:00:04]} Qe7 {[%clk 00:00:24]}
{[%emt 00:00:02]} 34. g3 {[%emt 00:00:02]} Rc4 {[%clk 00:00:23]} {[%emt
00:00:02]} 35. Qe3 {[%clk 00:00:06]} {[%emt 00:00:04]} Qc5 {[%clk 00:00:21]}
{[%emt 00:00:03]} 36. Qxc5 {[%clk 00:00:04]} {[%emt 00:00:05]} Rxc5 {[%clk
00:00:22]} 37. Kg2 {[%clk 00:00:05]} {[%emt 00:00:01]} a5 {[%clk 00:00:22]}
{[%emt 00:00:02]} 38. Kf2 {[%clk 00:00:05]} {[%emt 00:00:02]} b5 {[%clk
00:00:22]} {[%emt 00:00:02]} 39. Re3 {[%clk 00:00:05]} {[%emt 00:00:01]} b4
{[%clk 00:00:20]} {[%emt 00:00:04]} 40. h5 {[%clk 00:00:06]} {[%emt 00:00:02]}
a4 {[%clk 00:00:19]} {[%emt 00:00:02]} 41. hxg6+ {[%clk 00:00:08]} fxg6 {[%clk
00:00:20]} 42. Bc2 {[%clk 00:00:06]} {[%emt 00:00:04]} b3 {[%clk 00:00:21]} 43.
Bb1 {[%clk 00:00:07]} {[%emt 00:00:01]} a3 {[%clk 00:00:22]} 44. Be4 {[%clk
00:00:06]} {[%emt 00:00:04]} Bxe4 {[%clk 00:00:21]} {[%emt 00:00:03]} 45. fxe4
{[%clk 00:00:06]} {[%emt 00:00:02]} b2 {[%clk 00:00:21]} {[%emt 00:00:02]} 0-1

[Event "Turniej Blitza na II Lidze Juniorów 2018"]
[Site "Szczyrk, Poland"]
[Date "2018.07.26"]
[Round "3.45"]
[White "Krzyzosiak, Marta"]
[Black "Dahche, Abdel-Azziz"]
[Result "1-0"]
[TimeControl "3'+2\""]
[WhiteElo "1461"]
[BlackElo "1222"]

1. e4 {[%clk 00:03:00]} {[%emt 00:00:03]} c5 {[%clk 00:03:03]} {[%emt
00:00:02]} 2. Nf3 {[%clk 00:03:01]} {[%emt 00:00:01]} d6 {[%clk 00:03:04]}
{[%emt 00:00:01]} 3. d4 {[%clk 00:03:01]} {[%emt 00:00:02]} cxd4 {[%clk
00:03:05]} {[%emt 00:00:01]} 4. Nxd4 {[%clk 00:03:02]} {[%emt 00:00:01]} Nf6
{[%clk 00:03:07]} 5. Nc3 {[%clk 00:03:02]} {[%emt 00:00:03]} g6 {[%clk
00:03:08]} {[%emt 00:00:01]} 6. Be3 {[%clk 00:02:58]} {[%emt 00:00:05]} Bg7
{[%clk 00:03:09]} 7. f3 {[%clk 00:02:59]} {[%emt 00:00:01]} O-O {[%clk
00:03:08]} {[%emt 00:00:03]} 8. Qd2 {[%clk 00:02:59]} Nc6 {[%clk 00:03:09]}
{[%emt 00:00:02]} 9. O-O-O {[%clk 00:02:58]} {[%emt 00:00:02]} Nxd4 {[%clk
00:03:10]} {[%emt 00:00:02]} 10. Bxd4 {[%clk 00:02:57]} {[%emt 00:00:02]} Be6
{[%clk 00:03:12]} 11. g4 {[%clk 00:02:52]} {[%emt 00:00:08]} Qa5 {[%clk
00:03:12]} {[%emt 00:00:02]} 12. a3 {[%clk 00:02:48]} {[%emt 00:00:06]} Rfc8
{[%clk 00:03:13]} {[%emt 00:00:01]} 13. h4 {[%clk 00:02:46]} {[%emt 00:00:04]}
b5 {[%clk 00:02:34]} {[%emt 00:00:41]} 14. Nxb5 {[%clk 00:02:39]} {[%emt
00:00:10]} Qa4 {[%clk 00:01:48]} {[%emt 00:00:43]} 15. Nc3 {[%clk 00:02:33]}
{[%emt 00:00:12]} Qa5 {[%clk 00:00:50]} {[%emt 00:00:57]} 16. g5 {[%clk
00:02:14]} {[%emt 00:00:24]} Nh5 {[%clk 00:00:46]} {[%emt 00:00:06]} 17. Bxg7
{[%clk 00:02:11]} {[%emt 00:00:06]} Nxg7 {[%clk 00:00:41]} {[%emt 00:00:07]} 18.
Nd5 {[%clk 00:02:11]} {[%emt 00:00:01]} Qd8 {[%clk 00:00:13]} {[%emt 00:00:30]}
19. Ba6 {[%clk 00:01:42]} {[%emt 00:00:31]} Rc6 {[%clk 00:00:12]} {[%emt
00:00:03]} 20. Bb7 {[%clk 00:01:41]} {[%emt 00:00:03]} Rb8 {[%clk 00:00:04]}
{[%emt 00:00:10]} 21. Bxc6 {[%clk 00:01:41]} {[%emt 00:00:03]} Bxd5 {[%clk
00:00:03]} {[%emt 00:00:02]} 22. Bxd5 {[%clk 00:01:37]} {[%emt 00:00:06]} Qb6
{[%clk 00:00:05]} {[%emt 00:00:01]} 23. Qc3 {[%clk 00:01:36]} {[%emt 00:00:02]}
e6 {[%clk 00:00:04]} {[%emt 00:00:03]} 24. Bb3 {[%clk 00:01:36]} {[%emt
00:00:02]} a5 {[%clk 00:00:05]} {[%emt 00:00:01]} 25. Rd3 {[%clk 00:01:31]}
{[%emt 00:00:07]} a4 {[%clk 00:00:06]} {[%emt 00:00:01]} 26. Bxa4 {[%clk
00:01:30]} {[%emt 00:00:03]} Ra8 {[%clk 00:00:06]} {[%emt 00:00:02]} 27. Bb3
{[%clk 00:01:30]} {[%emt 00:00:02]} Qf2 {[%clk 00:00:07]} {[%emt 00:00:02]} 28.
Rhd1 {[%clk 00:01:24]} {[%emt 00:00:07]} Qg3 {[%clk 00:00:06]} {[%emt
00:00:03]} 29. Rxd6 {[%clk 00:01:23]} {[%emt 00:00:03]} Qf4+ {[%clk 00:00:05]}
{[%emt 00:00:03]} 30. Kb1 {[%clk 00:01:24]} {[%emt 00:00:01]} Ne8 {[%clk
00:00:04]} {[%emt 00:00:04]} 31. Rd8 {[%clk 00:01:21]} {[%emt 00:00:04]} Rxd8
{[%emt 00:00:05]} 32. Rxd8 {[%emt 00:00:01]} Qh2 {[%clk 00:03:02]} {[%emt
00:00:02]} 33. Rxe8# 1-0

[Event "Turniej Blitza na II Lidze Juniorów 2018"]
[Site "Szczyrk, Poland"]
[Date "2018.07.26"]
[Round "3.49"]
[White "Hals, Emilia"]
[Black "Tkaczyk, Weronika"]
[Result "1-0"]
[TimeControl "3'+2\""]
[WhiteElo "1198"]
[BlackElo "1430"]

1. e4 {[%clk 00:03:02]} {[%emt 00:01:20]} e5 {[%clk 00:03:01]} 2. Nf3 {[%clk
00:03:02]} Nc6 {[%clk 00:03:01]} 3. d4 {[%clk 00:03:02]} exd4 {[%clk 00:03:01]}
4. Nxd4 {[%clk 00:03:02]} Nf6 {[%clk 00:03:01]} 5. Nxc6 {[%clk 00:03:07]}
{[%emt 00:00:19]} bxc6 {[%clk 00:03:03]} {[%emt 00:00:02]} 6. e5 {[%clk
00:03:08]} {[%emt 00:00:01]} Qe7 {[%clk 00:03:04]} 7. Qe2 {[%clk 00:03:09]} Nd5
{[%clk 00:03:04]} 8. c4 {[%clk 00:03:10]} {[%emt 00:00:01]} Nb6 {[%clk
00:03:05]} {[%emt 00:00:02]} 9. Nc3 {[%clk 00:03:08]} {[%emt 00:00:03]} f6
{[%clk 00:03:01]} {[%emt 00:00:06]} 10. exf6 {[%clk 00:03:08]} {[%emt
00:00:02]} Qxe2+ {[%clk 00:03:01]} {[%emt 00:00:02]} 11. Bxe2 {[%clk 00:03:08]}
{[%emt 00:00:02]} gxf6 {[%clk 00:03:01]} {[%emt 00:00:02]} 12. O-O {[%clk
00:03:08]} {[%emt 00:00:02]} Kf7 {[%clk 00:03:01]} {[%emt 00:00:02]} 13. Bh5+
{[%clk 00:03:08]} {[%emt 00:00:02]} Kg7 {[%clk 00:03:01]} {[%emt 00:00:03]} 14.
Bf4 {[%emt 00:00:03]} Bd6 {[%clk 00:02:58]} {[%emt 00:00:04]} 15. Bxd6 {[%clk
00:03:06]} {[%emt 00:00:03]} cxd6 {[%clk 00:02:58]} {[%emt 00:00:02]} 16. b3
{[%clk 00:03:07]} Rf8 {[%clk 00:02:54]} {[%emt 00:00:07]} 17. Rfe1 {[%clk
00:03:05]} d5 {[%clk 00:02:49]} {[%emt 00:00:11]} 18. cxd5 {[%emt 00:00:03]}
Nxd5 {[%clk 00:02:48]} {[%emt 00:00:02]} 19. Nxd5 {[%clk 00:03:05]} {[%emt
00:00:02]} cxd5 {[%clk 00:02:48]} 20. Bf3 {[%clk 00:03:05]} {[%emt 00:00:04]}
Ba6 21. Bxd5 {[%clk 00:03:04]} Rae8 {[%clk 00:02:29]} {[%emt 00:00:06]} 22. h3
{[%clk 00:03:00]} Re5 {[%clk 00:02:24]} {[%emt 00:00:13]} 23. Rxe5 {[%clk
00:02:57]} fxe5 {[%clk 00:02:24]} {[%emt 00:00:08]} 24. Re1 {[%clk 00:02:56]}
d6 {[%clk 00:02:23]} {[%emt 00:00:05]} 25. Rd1 {[%clk 00:02:48]} Rc8 {[%clk
00:02:17]} {[%emt 00:00:18]} 26. Be6 {[%clk 00:02:40]} Rd8 {[%clk 00:02:14]}
{[%emt 00:00:16]} 27. Rd5 {[%clk 00:02:36]} Kf6 {[%clk 00:02:06]} {[%emt
00:00:14]} 28. Bg4 {[%clk 00:02:36]} Bb7 {[%clk 00:01:49]} {[%emt 00:00:23]} 29.
Rb5 {[%clk 00:02:30]} Bc6 {[%clk 00:01:46]} {[%emt 00:00:12]} 30. Ra5 {[%clk
00:02:31]} Ra8 {[%clk 00:01:43]} {[%emt 00:00:07]} 31. Ra6 {[%clk 00:02:31]}
Be4 {[%clk 00:01:19]} {[%emt 00:00:27]} 1-0